[Event "Moscow Open A 2016"]
[Site "Moscow RUS"]
[Date "2016.02.02"]
[Round "4.91"]
[White "Zherebtsova, Alexandra"]
[Black "Bikuzhin, Maksim"]
[Result "1-0"]
[WhiteTitle "WFM"]
[BlackTitle "FM"]
[WhiteElo "2130"]
[BlackElo "2301"]
[WhiteFideId "24129518"]
[BlackFideId "24128015"]
[EventDate "2016.01.30"]

1. d4 d5 2. Nf3 Nf6 3. c4 e6 4. e3 c5 5. Nc3 Nc6 6. cxd5 exd5 7. Be2 cxd4 8.
Nxd4 Bd6 9. O-O O-O 10. Nxc6 bxc6 11. b3 Re8 12. Bb2 Qe7 13. Na4 Ne4 14. Qd4 Qg5
15. f4 Qh6 16. Bf3 Ba6 17. Rfe1 Ng5 18. Bg4 Ne6 19. Qc3 d4 20. Qxc6 Bb4 21. Red1
Qh4 22. Bxe6 dxe3 23. Bxf7+ Kxf7 24. Rd7+ 1-0

[Event "Moscow Open A 2016"]
[Site "Moscow RUS"]
[Date "2016.02.02"]
[Round "4.92"]
[White "Komissarov, Alexey"]
[Black "Daurbekov, Murad"]
[Result "1-0"]
[WhiteTitle "FM"]
[WhiteElo "2292"]
[BlackElo "2061"]
[WhiteFideId "4176545"]
[BlackFideId "4192982"]
[EventDate "2016.01.30"]

1. e4 e6 2. d4 d5 3. Nc3 Bb4 4. Ne2 dxe4 5. a3 Be7 6. Nxe4 Nd7 7. N2g3 Ngf6 8.
Be3 O-O 9. Bd3 b6 10. Qf3 Rb8 11. O-O-O Bb7 12. Qe2 Nd5 13. Bd2 Rc8 14. Kb1 c5
15. dxc5 bxc5 16. c4 N5f6 17. Bc3 Qb6 18. Nh5 Nxh5 19. Qxh5 Bxe4 20. Bxe4 g6 21.
Qf3 Qc7 22. Rhe1 Rfd8 23. h4 Nf8 24. h5 Rxd1+ 25. Rxd1 Rd8 26. Rh1 Rd4 27. hxg6
hxg6 28. Bxd4 cxd4 29. Rc1 Nd7 30. Qh3 Qf4 31. Bxg6 Bg5 32. Rh1 Kf8 33. Qh8+ Ke7
34. Bxf7 1-0

[Event "Moscow Open A 2016"]
[Site "Moscow RUS"]
[Date "2016.02.02"]
[Round "4.93"]
[White "Shoshin, Boris"]
[Black "Smirnov, Timofey"]
[Result "0-1"]
[WhiteElo "2068"]
[BlackElo "2288"]
[WhiteFideId "34196568"]
[BlackFideId "24176427"]
[EventDate "2016.01.30"]

1. e4 e5 2. Nf3 Nc6 3. Bb5 a6 4. Ba4 Nf6 5. O-O Be7 6. d4 exd4 7. e5 Ne4 8. Nxd4
Nc5 9. Nf5 Bf8 10. Nc3 Nxa4 11. Nxa4 d6 12. Nd4 Nxe5 13. f4 Nc6 14. Nxc6 bxc6
15. Re1+ Be7 16. Qe2 Kf8 17. g4 Bh4 18. Rf1 h5 19. g5 Bh3 20. Bd2 Qd7 21. f5
Bxf1 22. Rxf1 f6 23. Qe4 Bxg5 24. Bxg5 fxg5 25. h3 Re8 26. Qd4 Qe7 27. Rf3 Qe4
28. Qc3 Qxa4 29. f6 Re5 30. Qd3 Qe4 31. Qf1 gxf6 32. Rxf6+ Ke8 33. Qxa6 Qe3+ 34.
Rf2 Qg3+ 35. Kh1 Re1+ 36. Rf1 Qxh3+ 37. Kg1 Qxf1+ 38. Qxf1 Rxf1+ 39. Kxf1 0-1

[Event "Moscow Open A 2016"]
[Site "Moscow RUS"]
[Date "2016.02.02"]
[Round "4.94"]
[White "Hakobyan, Hovhannes H."]
[Black "Galaktionov, Artem"]
[Result "0-1"]
[WhiteElo "2112"]
[BlackElo "2285"]
[WhiteFideId "13306308"]
[BlackFideId "24175471"]
[EventDate "2016.01.30"]

1. e4 c6 2. d4 d5 3. f3 Qb6 4. Nc3 dxe4 5. fxe4 Nf6 6. e5 Nd5 7. Bc4 Be6 8. Bb3
Nd7 9. Nf3 f6 10. O-O O-O-O 11. Na4 Qc7 12. c4 N5b6 13. Nxb6+ Nxb6 14. Qe2 Bg4
15. Qe4 f5 16. Qe3 e6 17. c5 Nd5 18. Bxd5 Rxd5 19. Ne1 Be7 20. b4 g5 21. Bb2 a5
22. Nc2 f4 23. Qb3 Bf5 24. Na3 axb4 25. Nc4 Kd8 26. Nb6 Rxc5 27. Na8 Qa5 28.
dxc5 Bxc5+ 29. Kh1 Qxa8 30. a3 Be3 31. Rfd1+ Ke7 32. Qxb4+ c5 33. Qb6 Qc8 34.
Bc3 Be4 35. Bd2 Bd4 36. Rac1 Qd7 37. Rxc5 Bxc5 38. Qxc5+ Kf7 39. Qd6 Qxd6 40.
exd6 Bd5 41. Rc1 Bc6 42. Kg1 Rd8 43. Bb4 e5 44. g3 Ke6 45. Kf2 e4 46. Rc5 e3+
47. Ke2 h6 48. gxf4 gxf4 49. Rh5 Rg8 50. Rxh6+ Kf5 51. Rh7 Rg2+ 52. Kd3 Bb5+ 53.
Kd4 Rd2+ 54. Kc5 Bc6 55. Re7 Rd5+ 56. Kb6 Rd3 57. Bc5 Be4 58. Kc7 Rc3 59. Kb6
Bc6 60. Bb4 Rb3 61. Kc5 f3 62. Kc4 Rxb4+ 63. axb4 f2 64. Rf7+ Ke6 0-1

[Event "Moscow Open A 2016"]
[Site "Moscow RUS"]
[Date "2016.02.02"]
[Round "4.95"]
[White "Vasilyev, Vasily"]
[Black "Mischeryakov, Alexey"]
[Result "1-0"]
[WhiteTitle "FM"]
[WhiteElo "2284"]
[BlackElo "1967"]
[WhiteFideId "24102180"]
[BlackFideId "34156434"]
[EventDate "2016.01.30"]

1. d4 d5 2. Nf3 c6 3. g3 e6 4. Bg2 f5 5. c4 Nf6 6. O-O Bd6 7. Bf4 Bxf4 8. gxf4
Nbd7 9. Nbd2 b6 10. Qa4 Bb7 11. Ne5 Nxe5 12. fxe5 Nh5 13. e3 f4 14. Qd1 g6 15.
Qg4 Qe7 16. e4 O-O 17. exd5 exd5 18. Bf3 Rad8 19. cxd5 cxd5 20. Rfc1 Bc8 21. Qg2
Kh8 22. Rc3 Qh4 23. Kh1 Bh3 24. Qg1 g5 25. e6 Bxe6 26. Qe1 Ng7 27. Rc7 Rf6 28.
Qe5 g4 29. Rg1 Rg8 30. Be2 Rf5 31. Qd6 Qxf2 32. Bxg4 Qxd2 33. Rxg7 Rxg7 34. Qxe6
Rfg5 35. h3 Qxd4 36. Re1 h5 37. Qh6+ Kg8 38. Re8+ 1-0

[Event "Moscow Open A 2016"]
[Site "Moscow RUS"]
[Date "2016.02.02"]
[Round "4.96"]
[White "Manafov, Vugar"]
[Black "Giannoulakis, Labros"]
[Result "1/2-1/2"]
[WhiteElo "2052"]
[BlackElo "2272"]
[WhiteFideId "13410814"]
[BlackFideId "4247019"]
[EventDate "2016.01.30"]

1. d3 g6 2. g3 Bg7 3. Bg2 Nf6 4. Nc3 d5 5. Bg5 O-O 6. e4 c6 7. Nge2 dxe4 8. dxe4
h6 9. Qxd8 Rxd8 10. Bf4 Re8 11. O-O e5 12. Be3 Na6 13. h3 Bf8 14. Rfd1 Kg7 15.
Rd2 Bc5 16. Bxc5 Nxc5 17. b4 Na6 18. Rb1 Be6 19. Kf1 Red8 20. Ke1 Rxd2 21. Kxd2
Ne8 22. Bf1 Nd6 23. Nc1 Nc4+ 24. Bxc4 Bxc4 25. Nd3 f6 26. Ke3 Nc7 27. a3 Ne6 28.
Ne2 Rd8 29. f4 exf4+ 30. gxf4 Nc7 31. Nc3 Ne6 32. Ne2 Re8 33. Nd4 Nc7 34. Nf3
Rd8 35. h4 h5 36. Nd4 Kf7 37. Rg1 Ne6 38. Nxe6 Bxe6 39. Rd1 Re8 40. Re1 Bd5 41.
Kd4 Be6 42. a4 b6 43. Ra1 Rd8+ 44. Kc3 Rd7 1/2-1/2

[Event "Moscow Open A 2016"]
[Site "Moscow RUS"]
[Date "2016.02.02"]
[Round "4.97"]
[White "Proleiko, Julian"]
[Black "Miroshnichenko, Pavel"]
[Result "0-1"]
[WhiteElo "2047"]
[BlackElo "2263"]
[WhiteFideId "30900255"]
[BlackFideId "4188659"]
[EventDate "2016.01.30"]

1. e4 e5 2. Nf3 Nc6 3. Bc4 Bc5 4. c3 Nf6 5. d3 a6 6. O-O O-O 7. b4 Be7 8. Re1 h6
9. Nbd2 d5 10. exd5 Nxd5 11. Ne4 Bg4 12. h3 Bh5 13. Bd2 Nb6 14. b5 axb5 15. Bxb5
Qd5 16. c4 Qe6 17. Bxc6 Bxf3 18. Nf6+ Qxf6 19. Bxf3 Bc5 20. Bc3 Rfe8 21. a4 Qh4
22. Qc2 c6 23. Rxe5 Bd4 24. Rxe8+ Rxe8 25. Re1 Rxe1+ 26. Bxe1 Nd7 27. Qe2 Ne5
28. Be4 g6 29. Kh2 f5 30. g3 Qe7 31. f4 fxe4 32. Qxe4 Nf3+ 33. Qxf3 Qxe1 34. h4
Qf2+ 35. Qxf2 Bxf2 36. Kg2 Be1 37. d4 Kf7 38. Kf3 Ke6 39. Kg4 Bf2 0-1

[Event "Moscow Open A 2016"]
[Site "Moscow RUS"]
[Date "2016.02.02"]
[Round "4.98"]
[White "Egorov, Pavel"]
[Black "Mokshanov, Alexey"]
[Result "1/2-1/2"]
[BlackTitle "IM"]
[WhiteElo "2207"]
[BlackElo "2470"]
[WhiteFideId "24122637"]
[BlackFideId "24121657"]
[EventDate "2016.01.30"]

1. d4 d5 2. c4 e6 3. Nf3 c6 4. e3 Nf6 5. Nbd2 c5 6. Be2 Nc6 7. O-O cxd4 8. exd4
Be7 9. c5 O-O 10. a3 Ne4 11. Qc2 f5 12. b4 a6 13. Bb2 Qc7 14. Ne5 Nxe5 15. dxe5
Bd7 16. f3 Nxd2 17. Qxd2 Bb5 18. f4 Qc6 19. Bd4 Rfc8 20. Rfc1 a5 21. Kf2 Rc7 22.
Rcb1 Bc4 23. Rc1 Bb5 24. Rcb1 Bc4 25. Rc1 Bb5 26. Rcb1 Bc4 1/2-1/2

[Event "Moscow Open A 2016"]
[Site "Moscow RUS"]
[Date "2016.02.02"]
[Round "4.99"]
[White "Pavlidis, Anastasios"]
[Black "Kovalev, Egor"]
[Result "1/2-1/2"]
[WhiteTitle "IM"]
[WhiteElo "2410"]
[BlackElo "2210"]
[WhiteFideId "4208404"]
[BlackFideId "24124117"]
[EventDate "2016.01.30"]

1. d4 Nf6 2. c4 c6 3. Nf3 d5 4. Nc3 a6 5. c5 Bf5 6. Bf4 Nbd7 7. Qb3 Ra7 8. h3 h6
9. e3 g5 10. Bg3 Bg7 11. Be2 O-O 12. O-O Ne4 13. Nxe4 dxe4 14. Ne5 Bxe5 15. Bxe5
Nxe5 16. dxe5 Qc7 17. Qb6 Qxb6 18. cxb6 Raa8 19. Bc4 Rad8 20. Rfd1 Be6 21. b3 h5
22. Kf1 Kg7 23. Ke2 Kg6 24. Bxe6 fxe6 25. Rxd8 Rxd8 26. g4 hxg4 27. hxg4 Rd5 28.
Rf1 c5 29. Rh1 Kg7 30. Rh5 Rxe5 31. Kd2 Kf7 32. Rh8 Rd5+ 33. Kc3 Rd6 34. Rc8
Rxb6 35. Rxc5 Kf6 36. a4 Rd6 37. Rc7 b6 38. Ra7 a5 1/2-1/2

[Event "Moscow Open A 2016"]
[Site "Moscow RUS"]
[Date "2016.02.02"]
[Round "4.100"]
[White "Allajov, Ramil"]
[Black "Appolonov, Sergey"]
[Result "1-0"]
[BlackTitle "IM"]
[WhiteElo "2186"]
[BlackElo "2380"]
[WhiteFideId "13402447"]
[BlackFideId "4116291"]
[EventDate "2016.01.30"]

1. d4 d5 2. c4 c6 3. Nc3 Nf6 4. Nf3 dxc4 5. a4 Bf5 6. Ne5 Nbd7 7. Nxc4 Nb6 8.
Ne3 Be6 9. g3 g6 10. Bg2 Bg7 11. a5 Nbd5 12. Nexd5 Nxd5 13. O-O O-O 14. e4 Nxc3
15. bxc3 Bc4 16. Re1 e5 17. Be3 Qd6 18. f4 exf4 19. Bxf4 Qe6 20. Rb1 c5 21. Rxb7
Rfd8 22. Bg5 cxd4 23. Bxd8 Rxd8 24. cxd4 Bxd4+ 25. Kh1 Ba6 26. Rb1 Qf6 27. Qb3
Bc3 28. Red1 Bxa5 29. Rxd8+ Bxd8 30. Qb8 Qd4 31. e5 Kg7 32. Qd6 Bb6 33. Rd1 Qg4
34. Qf6+ Kg8 35. Rd8+ Bxd8 36. Qxd8+ Kg7 37. Qf6+ Kh6 38. Qxa6 Qd1+ 39. Qf1
Qxf1+ 40. Bxf1 Kg5 41. Bd3 a5 42. Kg2 a4 43. Kf3 a3 44. h4+ Kh6 45. Bc4 Kg7 46.
g4 1-0

[Event "Moscow Open A 2016"]
[Site "Moscow RUS"]
[Date "2016.02.02"]
[Round "4.101"]
[White "Royset, Pal"]
[Black "Oganisian, Roman"]
[Result "0-1"]
[BlackTitle "FM"]
[WhiteElo "2179"]
[BlackElo "2328"]
[WhiteFideId "1501330"]
[BlackFideId "4153006"]
[EventDate "2016.01.30"]

1. e4 c5 2. Nc3 d6 3. f4 g6 4. Nf3 Bg7 5. Bb5+ Bd7 6. a4 Nc6 7. O-O Nd4 8. Bxd7+
Qxd7 9. d3 e6 10. f5 gxf5 11. exf5 Nxf5 12. Ng5 h6 13. Nh3 O-O-O 14. Kh1 Nf6 15.
Ne4 Rdg8 16. c3 Qc6 17. Qe2 c4 18. Nd2 cxd3 19. Qxd3 Ng4 20. Nf4 Nfe3 21. Nb3
Nxf1 22. Qxf1 Qb6 23. h3 Qxb3 24. hxg4 Be5 25. Qe2 h5 26. gxh5 Bxf4 27. Bxf4 e5
28. Be3 f5 29. Bxa7 Qf7 30. Be3 Rxh5+ 31. Kg1 Qd5 32. Rf1 Qe4 33. Re1 Rhh8 34.
Qd2 Rg4 35. Re2 f4 36. Ba7 Qb1+ 0-1

[Event "Moscow Open A 2016"]
[Site "Moscow RUS"]
[Date "2016.02.02"]
[Round "4.102"]
[White "Konaplev, Anton"]
[Black "Klimentov, Evgeny"]
[Result "1/2-1/2"]
[WhiteElo "2272"]
[BlackElo "2170"]
[WhiteFideId "24165646"]
[BlackFideId "24128899"]
[EventDate "2016.01.30"]

1. d4 Nf6 2. c4 g6 3. Nc3 Bg7 4. e4 d6 5. Be2 O-O 6. Bg5 h6 7. Be3 c5 8. e5 dxe5
9. dxe5 Qxd1+ 10. Rxd1 Ng4 11. Bxc5 Nxe5 12. Nd5 Nbc6 13. f4 Nd7 14. Bxe7 Re8
15. Bd6 Re4 16. Nf3 Bxb2 17. Nc7 Rb8 18. Nd2 Bc3 19. Nb5 Bxd2+ 20. Kxd2 Ra8 21.
Bd3 Re6 22. c5 Rf6 23. Nc7 Rb8 24. Nd5 Re6 25. f5 Re5 26. Bxe5 Ndxe5 27. fxg6
fxg6 28. Be4 Be6 29. Kc3 Rc8 30. Rhf1 Kg7 31. Nb4 Na5 32. Rd6 Bc4 33. Rff6 Rxc5
34. Kd4 Rb5 35. Nd3 Bxd3 36. Bxd3 Nac6+ 37. Kc3 Rc5+ 38. Kd2 Ra5 39. Rxg6+ Nxg6
40. Rxg6+ Kf7 1/2-1/2

[Event "Moscow Open A 2016"]
[Site "Moscow RUS"]
[Date "2016.02.02"]
[Round "4.104"]
[White "Chemurziev, Ruslan"]
[Black "Golikov, Daniil"]
[Result "1/2-1/2"]
[WhiteElo "2224"]
[BlackElo "2043"]
[WhiteFideId "4189094"]
[BlackFideId "24170623"]
[EventDate "2016.01.30"]

1. d4 d5 2. c4 c6 3. Nf3 Nf6 4. Nc3 e6 5. e3 Nbd7 6. Qc2 Bd6 7. Bd3 O-O 8. O-O
Qe7 9. e4 dxe4 10. Nxe4 Nxe4 11. Bxe4 Nf6 12. Bd3 c5 13. dxc5 Bxc5 14. Bd2 b6
15. Bc3 Bb7 16. Qe2 Rfd8 17. Rad1 Bb4 18. Be5 Bd6 19. Bg3 Bxg3 20. hxg3 Rd6 21.
Bb1 Rad8 22. Ne5 g6 23. Bc2 Qc7 24. b4 Rxd1 25. Rxd1 Rxd1+ 26. Bxd1 Ne4 27. Qb2
f6 28. Ng4 Qxc4 29. Bf3 e5 30. Bxe4 Bxe4 31. Nxf6+ Kf7 32. Ng4 Qd5 33. f3 Ke6
34. Qc3 Bb1 35. Qc8+ Qd7 36. Qc4+ Qd5 37. Qc8+ Qd7 38. Qc4+ Qd5 1/2-1/2

[Event "Moscow Open A 2016"]
[Site "Moscow RUS"]
[Date "2016.02.02"]
[Round "4.105"]
[White "Dobrocmyslov, Artem"]
[Black "Ibadov, Dashgyn"]
[Result "1-0"]
[BlackTitle "FM"]
[WhiteElo "2119"]
[BlackElo "2332"]
[WhiteFideId "24139521"]
[BlackFideId "24107514"]
[EventDate "2016.01.30"]

1. d4 e6 2. c4 f5 3. g3 Nf6 4. Bg2 c6 5. Nf3 d5 6. O-O Bd6 7. Qc2 O-O 8. Nc3 Ne4
9. Rb1 a5 10. a3 b6 11. b4 axb4 12. axb4 Na6 13. c5 bxc5 14. bxc5 Bc7 15. Bf4
Bxf4 16. gxf4 Nxc3 17. Qxc3 Nc7 18. Rb6 Nb5 19. Qb2 Ra6 20. Rxa6 Bxa6 21. Ra1
Bb7 22. e3 Qe8 23. Ne5 h6 24. Bf1 g5 25. Bxb5 cxb5 26. Ra7 Qh5 27. Rxb7 gxf4 28.
exf4 Kh8 29. f3 Rg8+ 30. Kh1 Qh4 31. Qe2 Qxf4 32. Nf7+ Kh7 33. Nd6+ Rg7 34.
Rxg7+ Kxg7 35. Qe5+ Qxe5 36. dxe5 b4 37. c6 b3 38. Nb5 d4 39. c7 b2 40. Na3 1-0

[Event "Moscow Open A 2016"]
[Site "Moscow RUS"]
[Date "2016.02.02"]
[Round "4.106"]
[White "Soldatov, Arnold"]
[Black "Fomin, Andrey"]
[Result "1-0"]
[WhiteElo "2075"]
[BlackElo "2241"]
[WhiteFideId "24135623"]
[BlackFideId "4162447"]
[EventDate "2016.01.30"]

1. d4 Nf6 2. Bg5 e6 3. Nf3 h6 4. Bh4 b6 5. e3 Bb7 6. Be2 g5 7. Bg3 g4 8. Ne5 h5
9. O-O d6 10. Nd3 h4 11. Bf4 Rg8 12. Nd2 Nbd7 13. e4 Qe7 14. f3 g3 15. h3 O-O-O
16. a4 e5 17. dxe5 Nxe5 18. a5 Ng6 19. axb6 axb6 20. Bg5 Rh8 21. Ra7 Bh6 22.
Bxh6 Rxh6 23. Qa1 d5 24. Qa4 dxe4 25. fxe4 Nd7 26. Ra8+ Bxa8 27. Qxa8+ Nb8 28.
Bg4+ Rd7 29. Qd5 Rh7 30. Nc4 Kd8 31. Qb7 Ke8 32. Bxd7+ Nxd7 33. Qxc7 Kf8 34.
Nxb6 Nxb6 35. Qxb6 Qxe4 36. Qd8+ Kg7 37. Qf6+ Kh6 38. b4 Qe3+ 39. Kh1 Qe2 40. b5
Qxc2 41. Ne5 Rg7 42. Nxf7+ Kh7 43. Ng5+ Kh6 44. Ne6 Rg8 45. Qg5+ 1-0

[Event "Moscow Open A 2016"]
[Site "Moscow RUS"]
[Date "2016.02.02"]
[Round "4.107"]
[White "Okun, Evgeny"]
[Black "Merkushev, Dmitry"]
[Result "1/2-1/2"]
[WhiteElo "2227"]
[BlackElo "2107"]
[WhiteFideId "24131806"]
[BlackFideId "34123676"]
[EventDate "2016.01.30"]

1. e4 d5 2. exd5 Qxd5 3. Nf3 Bg4 4. Be2 Nc6 5. h3 Bxf3 6. Bxf3 Qe5+ 7. Qe2 Qxe2+
8. Bxe2 Nd4 9. Bd1 O-O-O 10. O-O e5 11. d3 Bd6 12. Nd2 f5 13. Nc4 Nf6 14. Be3 f4
15. Bxd4 exd4 16. Bf3 Rhe8 17. a3 c6 18. Rfe1 Bc7 19. Kf1 Kd7 20. Reb1 g5 21. b4
h5 22. Nd2 g4 23. Be4 Nxe4 24. Nxe4 Be5 25. f3 g3 26. Re1 b6 27. Re2 Re7 28.
Rae1 Rde8 29. Nd2 Bd6 30. Rxe7+ Rxe7 31. Re4 c5 32. bxc5 Rxe4 33. fxe4 Bxc5 34.
a4 Kc6 35. Nb3 a5 36. Ke2 b5 37. Nxa5+ Kb6 38. Nb3 bxa4 39. Nc1 Bd6 40. Kf3 Kb5
41. Na2 Be5 42. Ke2 Kc5 43. Kf3 Kd6 44. Ke2 Ke6 45. Kf3 Kf6 46. Ke2 Kg5 47. Kf3
a3 48. Ke2 1/2-1/2

[Event "Moscow Open A 2016"]
[Site "Moscow RUS"]
[Date "2016.02.02"]
[Round "4.108"]
[White "Fraiman, Dmitry"]
[Black "Tsvetkov, Andrey"]
[Result "1-0"]
[BlackTitle "CM"]
[WhiteElo "2193"]
[BlackElo "2028"]
[WhiteFideId "34100641"]
[BlackFideId "34139360"]
[EventDate "2016.01.30"]

1. e4 c5 2. Nf3 d6 3. d4 cxd4 4. Nxd4 Nf6 5. Nc3 a6 6. Bc4 e6 7. Bb3 b5 8. f3
Be7 9. Be3 Qc7 10. Qd2 Nbd7 11. g4 Nc5 12. O-O-O Bd7 13. g5 Nh5 14. Kb1 b4 15.
Nce2 a5 16. Ng3 Nxg3 17. hxg3 a4 18. Bc4 Nxe4 19. Qd3 Nc5 20. Nb5 Bxb5 21. Bxb5+
Nd7 22. Qd4 b3 23. cxb3 axb3 24. axb3 Qa5 25. Qa4 Qxa4 26. bxa4 d5 27. Rh4 Bd6
28. Rdh1 Ke7 29. Rxh7 Rxh7 30. Rxh7 Ne5 31. f4 Nf3 32. Be2 Nxg5 33. fxg5 Rxa4
34. Bf2 Re4 35. Bf3 Re5 36. g4 Bb4 37. Kc2 Kf8 38. Rh8+ Ke7 39. Kd3 Be1 40. Be3
Bb4 41. Rb8 1-0

[Event "Moscow Open A 2016"]
[Site "Moscow RUS"]
[Date "2016.02.02"]
[Round "4.109"]
[White "Salman, Pavel"]
[Black "Lutsenko, Alexander"]
[Result "1/2-1/2"]
[WhiteTitle "FM"]
[WhiteElo "2185"]
[BlackElo "2026"]
[WhiteFideId "24153753"]
[BlackFideId "54159806"]
[EventDate "2016.01.30"]

1. d4 Nf6 2. c4 g6 3. Nc3 d5 4. cxd5 Nxd5 5. e4 Nxc3 6. bxc3 Bg7 7. Nf3 c5 8.
Rb1 O-O 9. Be2 cxd4 10. cxd4 Qa5+ 11. Bd2 Qxa2 12. O-O b6 13. Qc1 Bb7 14. Bc4
Qa4 15. Bb5 Qa2 16. Bc4 Qa4 17. Bb5 Qa2 18. Ra1 Qe6 19. Re1 Rc8 20. Qa3 a6 21.
d5 Qd6 22. Bb4 axb5 23. Bxd6 Rxa3 24. Bxa3 Bxa1 25. Rxa1 e6 26. dxe6 fxe6 27.
Nd4 Bxe4 28. Nxb5 Bd5 29. h3 Nd7 30. Bd6 Ra8 31. Rc1 Nc5 32. Bxc5 bxc5 33. Rxc5
Ra6 34. Nc7 Ra1+ 35. Kh2 Rd1 36. Kg3 Kf7 37. Nxd5 Rxd5 38. Rc7+ Kg8 39. Re7 Re5
40. f3 h6 41. Kf2 Kh8 42. Kg3 Kg8 43. h4 Kf8 44. Rh7 Rh5 45. Ra7 Rf5 46. Ra8+
Kg7 47. Re8 Kf6 1/2-1/2

[Event "Moscow Open A 2016"]
[Site "Moscow RUS"]
[Date "2016.02.02"]
[Round "4.110"]
[White "Kurilo, Vladislav"]
[Black "Pogosyan, Stefan"]
[Result "1/2-1/2"]
[WhiteElo "2160"]
[BlackElo "1974"]
[WhiteFideId "14136503"]
[BlackFideId "34159867"]
[EventDate "2016.01.30"]

1. e4 e5 2. Nf3 Nc6 3. Bc4 Nf6 4. d3 Be7 5. Nc3 O-O 6. a3 d6 7. h3 Be6 8. O-O
Re8 9. b4 Qd7 10. Re1 a6 11. Nd5 b5 12. Nxe7+ Qxe7 13. Bxe6 fxe6 14. c4 Nd4 15.
Bb2 Nxf3+ 16. Qxf3 Rf8 17. Qe2 Qf7 18. a4 bxc4 19. dxc4 Nxe4 20. Bxe5 Qxf2+ 21.
Qxf2 Nxf2 22. Bg3 Nd3 23. Rxe6 Nxb4 24. Rb1 a5 25. c5 dxc5 26. Rc1 Na6 27. Rd1
Rfe8 28. Rc6 Kf7 29. Rf1+ Kg8 30. Be1 Rf8 31. Bxa5 Rxf1+ 32. Kxf1 Ra7 33. Bd2
Kf7 34. Be3 Ke8 35. Bxc5 Nxc5 36. Rxc5 Kd7 37. Rc4 c6 38. Rh4 h6 39. Ke2 Kd6 40.
Kd3 c5 1/2-1/2

[Event "Moscow Open A 2016"]
[Site "Moscow RUS"]
[Date "2016.02.02"]
[Round "4.111"]
[White "Grishaev, Igor"]
[Black "Lebedev, Mikhail S."]
[Result "1-0"]
[WhiteElo "1933"]
[BlackElo "2136"]
[WhiteFideId "4197925"]
[BlackFideId "24130303"]
[EventDate "2016.01.30"]

1. d4 Nf6 2. c4 c5 3. d5 b5 4. Qc2 Bb7 5. e4 bxc4 6. Bxc4 e6 7. dxe6 fxe6 8. Nc3
Nc6 9. Bg5 Be7 10. O-O-O Nd4 11. Qd3 O-O 12. f3 d5 13. exd5 exd5 14. Bb5 Rb8 15.
Ba4 Qb6 16. Rd2 h6 17. h4 Rbd8 18. Qg6 Rd6 19. Qb1 Ne6 20. Re2 Rf7 21. Nh3 d4
22. Bxf6 Bxf6 23. Nb5 c4 24. Nxd6 Qxd6 25. Qg6 d3 26. Rd2 Nc5 27. Kb1 Nxa4 28.
Ng5 hxg5 29. hxg5 Be5 30. Qh7+ Kf8 31. g6 Rf4 32. Re1 Bd5 33. g3 Rf5 34. f4 Bf6
35. Rh2 c3 36. Qh8+ Bg8 37. Qxg8+ Kxg8 38. Re8+ Qf8 39. Rh8+ 1-0

[Event "Moscow Open A 2016"]
[Site "Moscow RUS"]
[Date "2016.02.03"]
[Round "5.19"]
[White "Badmatsyrenov, Oleg"]
[Black "Mammadzada, Gunay"]
[Result "1-0"]
[WhiteTitle "IM"]
[BlackTitle "WGM"]
[WhiteElo "2473"]
[BlackElo "2341"]
[WhiteFideId "24115762"]
[BlackFideId "13403729"]
[EventDate "2016.01.30"]

1. b3 d5 2. Bb2 Nf6 3. g3 c6 4. Bg2 Bf5 5. Nf3 e6 6. Nh4 Bg4 7. h3 Bh5 8. g4
Nfd7 9. Nf3 Bg6 10. d3 Bb4+ 11. Nbd2 O-O 12. e3 c5 13. Qe2 Qa5 14. O-O Bc3 15.
Bxc3 Qxc3 16. Rac1 Qf6 17. Nh2 Nc6 18. f4 Qe7 19. c4 d4 20. Bxc6 bxc6 21. exd4
Qh4 22. Kg2 cxd4 23. Ne4 Bxe4+ 24. Qxe4 c5 25. Rce1 Qd8 26. Nf3 a5 27. f5 Ra6
28. Rf2 Re8 29. Rfe2 a4 30. bxa4 Rf8 31. Rb1 exf5 32. Qxf5 g6 33. Qd5 Qc8 34.
Ne5 Nf6 35. Qb7 h6 36. Nf3 Rxa4 37. Ne5 Qa8 38. Qxa8 Rfxa8 39. Kf3 Ne8 40. Rb5
R4a5 41. Rxa5 Rxa5 42. Nxg6 Nc7 43. Ne5 f6 44. Ng6 Ra3 45. Nf4 Kf7 46. Rb2 Ra7
47. Ke4 Ne6 48. Nxe6 Kxe6 49. Rb6+ Ke7 50. Rc6 Ra5 51. a4 1-0

[Event "Moscow Open A 2016"]
[Site "Moscow RUS"]
[Date "2016.02.03"]
[Round "5.20"]
[White "Natacheev, Peter"]
[Black "Iljiushenok, Ilia"]
[Result "1/2-1/2"]
[WhiteTitle "FM"]
[BlackTitle "IM"]
[WhiteElo "2341"]
[BlackElo "2470"]
[WhiteFideId "4191854"]
[BlackFideId "24105074"]
[EventDate "2016.01.30"]

1. d4 d5 2. Nf3 Nf6 3. c3 c5 4. a3 e6 5. b4 b6 6. Bg5 Bd6 7. Nbd2 Bb7 8. e3 Nbd7
9. Bd3 Qc7 10. O-O Ne4 11. dxc5 Nxg5 12. cxd6 Nxf3+ 13. Nxf3 Qxd6 14. c4 O-O 15.
cxd5 Qxd5 16. e4 Qd6 17. e5 Qe7 18. Re1 Rfd8 19. Qe2 Bxf3 20. Qxf3 a5 21. Qe4 f5
22. Qc4 b5 23. Qxb5 axb4 24. Qxb4 Qxb4 25. axb4 Rxa1 26. Rxa1 Nxe5 27. Bf1 Kf7
28. f4 Nc6 29. b5 Nd4 30. Kf2 Ke7 31. Ra7+ Kf6 32. Ra2 Rc8 33. g3 g5 34. b6 gxf4
35. gxf4 Rb8 36. Rb2 e5 37. fxe5+ Kxe5 38. Bg2 Kd6 39. b7 Kc7 40. Ke3 Ne6 41.
Rc2+ Kd7 42. Rc4 h5 43. Rh4 Re8 44. Kf2 Nc5 45. Rxh5 Nd3+ 46. Kg1 Re1+ 47. Bf1
Kc7 48. Rh7+ Kb8 49. h4 Rb1 50. h5 Ne5 51. h6 Rxb7 52. Rg7 Rc7 53. Be2 Rc1+ 54.
Kg2 Rc2 55. Kf1 Rc1+ 56. Kf2 Rh1 57. h7 Ng6 58. Bd3 Nf8 59. Bxf5 Nxh7 60. Bxh7
Rc1 61. Ke3 Rc7 62. Rg8+ Kb7 63. Be4+ Kb6 64. Kd4 Rc1 65. Rg6+ Kc7 66. Bd5 Re1
67. Kc5 Re7 68. Ra6 Rd7 69. Bc6 Re7 70. Kd5 Kd8 71. Ra8+ Kc7 72. Ra1 Kd8 73. Rb1
Kc7 74. Rc1 Kd8 75. Ba4 Rc7 76. Re1 Re7 77. Rf1 Kc7 78. Bb3 Rd7+ 79. Kc5 Re7 80.
Rf8 Re5+ 81. Bd5 Re7 82. Ra8 Kd7 83. Ra6 Ke8 84. Be6 Kd8 85. Kd5 Rc7 86. Kd6
Rd7+ 87. Ke5 Rc7 88. Kf6 Rc1 89. Ra8+ Kc7 90. Ke7 Rd1 91. Rc8+ Kb6 92. Bb3 Rd3
93. Bc4 Rd4 94. Kf6 Re4 95. Kf5 Re1 96. Bd3 Re7 97. Be4 Rc7 98. Rb8+ Kc5 99. Rb1
Re7 100. Rd1 Re8 101. Bd5 Rh8 102. Bf7 Rh2 103. Rd5+ Kc6 104. Re5 Kd6 105. Re6+
Kc5 1/2-1/2